Practical accounting I (Record no. 14979)

MARC details
000 -LEADER
fixed length control field 00645nam a22002177a 4500
003 - CONTROL NUMBER IDENTIFIER
control field URS
005 - DATE AND TIME OF LATEST TRANSACTION
control field 20230124140844.0
008 - FIXED-LENGTH DATA ELEMENTS--GENERAL INFORMATION
fixed length control field 180103b xxu||||| |||| 00| 0 eng d
040 ## - CATALOGING SOURCE
Transcribing agency urs
050 ## - LIBRARY OF CONGRESS CALL NUMBER
Classification number HF 5661 V35 2006
100 ## - MAIN ENTRY--PERSONAL NAME
9 (RLIN) 3089
Personal name Valix, Conrado T.
Relator term author
245 ## - TITLE STATEMENT
Title Practical accounting I
Statement of responsibility, etc. Conrado T. Valix
250 ## - EDITION STATEMENT
Edition statement 2006 edition
260 ## - PUBLICATION, DISTRIBUTION, ETC.
Place of publication, distribution, etc. Manila
Name of publisher, distributor, etc. Conanan Publishing
Date of publication, distribution, etc. 2006
336 ## - CONTENT TYPE
Source rdacontent
Content type term text
Content type code txt
337 ## - MEDIA TYPE
Source rdamedia
Media type term unmediated
Media type code n
338 ## - CARRIER TYPE
Source rdacarrier
Carrier type term volume
Carrier type code nc
654 ## - SUBJECT ADDED ENTRY--FACETED TOPICAL TERMS
9 (RLIN) 2826
Focus term Accounting
General subdivision Problems, examinations, exercises, etc.
700 ## - ADDED ENTRY--PERSONAL NAME
Relator code author
Personal name Valix, Conrado T.
942 ## - ADDED ENTRY ELEMENTS (KOHA)
Source of classification or shelving scheme Library of Congress Classification
Koha item type Filipiniana
Holdings
Withdrawn status Source of classification or shelving scheme Damaged status Not for loan Collection code Home library Current library Shelving location Date acquired Total Checkouts Full call number Barcode Date last seen Price effective from Koha item type
  Library of Congress Classification     Non-fiction Binangonan College Library Binangonan College Library Filipiniana Section 06/07/2023   HF 5661 V35 2006 URSBIN-3227 01/03/2018 01/24/2023 Filipiniana

University of Rizal System
Email us at univlibservices@urs.edu.ph

Visit our Website www.urs.edu.ph/library